| 000 | 00481nam a22001697a 4500 | ||
|---|---|---|---|
| 003 | LK-CoMWRAF | ||
| 005 | 20231122110915.0 | ||
| 008 | 231118b |||||||| |||| 00| 0 eng d | ||
| 040 |
_aLK-CoMWRAF _dLK-CoMWRAF _eLK-CoMWRAF |
||
| 041 | _aeng | ||
| 082 |
_a820 _bGCE |
||
| 245 |
_aG C E (OL) English Literature : _bAnswers for past question papers |
||
| 260 |
_bAn International society of Education _c1999 |
||
| 650 | _aEnglish Literature | ||
| 700 | _aHewage, A. K. | ||
| 942 | _cBK | ||
| 999 |
_c4143 _d4143 |
||